Παραγωγικότητα, ως δείκτης αποδοτικότητας, στον κατασκευαστικό κλάδο - Η περίπτωση της Ελλάδας : διπλωματική εργασία

Αποθηκεύτηκε σε:
Λεπτομέρειες βιβλιογραφικής εγγραφής
Κύριος συγγραφέας: Γιανναράκης, Γρηγόρης
Συγγραφή απο Οργανισμό/Αρχή: Πανεπιστήμιο Αιγαίου Σχολή Επιστημών της Διοίκησης Τμήμα Ναυτιλίας και Επιχειρηματικών Υπηρεσιών Πρόγραμμα Μεταπτυχιακών Σπουδών "Ναυτιλία, Μεταφορές και Διεθνές Εμπόριο - ΝΑ.Μ.Ε."
Άλλοι συγγραφείς: Λίτινας, Νικόλαος (Εισηγητής διατριβής)
Μορφή: Thesis Βιβλίο
Γλώσσα:Greek
Δημοσίευση: 2005
Θέματα:
Διαθέσιμο Online:http://hdl.handle.net/11610/12962
Ετικέτες: Προσθήκη ετικέτας
Δεν υπάρχουν, Καταχωρήστε ετικέτα πρώτοι!

MARC

LEADER 00000cam a2200000 i 4500
001 1/25292
008 060228s2005 gre d
035 |l 10082877 
040 |a GR-MY-UA  |b gre  |e aacr 
041 0 |a gre 
082 0 |a 338.06  |2 (22) 
100 1 |a Γιανναράκης, Γρηγόρης. 
245 1 0 |a Παραγωγικότητα, ως δείκτης αποδοτικότητας, στον κατασκευαστικό κλάδο - Η περίπτωση της Ελλάδας :  |b διπλωματική εργασία /  |c Γιανναράκης Γρηγόρης ; επιβλέπων Λίτινας Νικόλαος 
260 |c 2005 
300 |a vii,110 σ.;  |b διαγρ., πίν.;  |c 30 εκ. 
502 # # |a Διατριβή (μεταπτυχιακή) – Πανεπιστήμιο Αιγαίου, Χίος, 2005. 
504 |a Περιλαμβάνει βιβλιογραφία 
610 2 0 |a Πανεπιστήμιο Αιγαίου. 
650 0 0 |a Industrial efficiency. 
650 0 0 |a Industrial productivity. 
650 0 0 |a Labor productivity. 
650 0 0 |a Dissertations, Academic  |z Greece. 
700 1 |a Λίτινας, Νικόλαος.  |4 ths 
710 1 |a Πανεπιστήμιο Αιγαίου  |b Σχολή Επιστημών της Διοίκησης  |b Τμήμα Ναυτιλίας και Επιχειρηματικών Υπηρεσιών  |b Πρόγραμμα Μεταπτυχιακών Σπουδών "Ναυτιλία, Μεταφορές και Διεθνές Εμπόριο - ΝΑ.Μ.Ε.". 
852 |a INST  |b CHIOS  |c DIATR  |e 20060228  |h 338.06 ΓΙΑ  |p 005200024363  |q 005200024363  |t MTXE  |y 23 
852 |a INST  |b CHIOS  |c DIATR  |e 20060228  |h 338.06 ΓΙΑ  |p 005200024364  |q 005200024364  |t MTXE  |y 23 
856 |u http://hdl.handle.net/11610/12962 
901 |a BIBL2-2006-1 
909 |a Χ  |b 119878 
909 |a X  |b 119877 
924 |a ΓΙΑΝΝΑΡΑΚΗΣ  |b ΓΡΗΓΟΡΗΣ  |y ΧΙΟΣ  |z 2005-10 
970 |a ΒΑΣΙΛΑΚΗ  |b ΝΙΚΗ  |z 2006/02/28